| 000 | 00404pab a2200157 454500 | ||
|---|---|---|---|
| 008 | 180718b1990 xxu||||| |||| 00| 0 eng d | ||
| 100 | _aBijlani, H.U | ||
| 245 | _aCommunity living, state intervention and housing cooperatives | ||
| 260 | _c1990 | ||
| 300 | _a90-9 | ||
| 362 | _aJul.-Dec. | ||
| 650 | _aHousing, Cooperative - India | ||
| 700 | _aP.S.N. Rao | ||
| 773 | _aUrban India | ||
| 909 | _a10186 | ||
| 999 |
_c10186 _d10186 |
||